00665nam a2200241 a 4500001001300000003000900013005001700022008004100039020001000080082001400090100001800104245002500122260004200147300000900189500003500198505001000233650002600243700001800269902000800287942000700295952010600302999001500408nice12345678IN_TiNIC20260116011615.0050524s1939 oxfa grp 000 0 eng  ac10000a231bBAI1 aBaillie, John aOur Knowledge of God aOxfordbOxford University Pressc1939 a258p aincludes index and biblioraphy2 aIndex aGod-Biblical Teaching1 aBaillie, John bSRS cBK 00104070aHMIbHMId2007-06-14g100.00l1o231 BAI1p3301r2019-07-26s2019-06-28w2026-01-16yARB c2860d2860